Featurings d'Orelsan - Mort subite - Statistiques

Statistiques générales
  • Ce quiz a été pris 130 fois
  • Le résultat moyen est 12 sur 22
Answers on the Grid
Answers color-coded by a green-red scale on the quiz's grid according to % correct below.
Gringe
Vianney
Damso
Stromae
Angèle
Ninho
Vitaa
GIMS
Lilas
Jul
SDM
Médine
Kavinsky
Yamê
Kaaris
Gazo
Vald
Louane
Ibeyi
Thomas Bangalter
FIFTY FIFTY
Booba
disiz
SCH
Izïa
Lorenzo
Kendji Girac
Benjamin Biolay
Grand Corps Malade
Oxmo Puccino
The Neptunes
Lefa
 
Statistiques - réponses
Réponse % Correct
Entre Bien Et Mal (2009)
Ils sont cools (2011)
...
Gringe
96%
avf (2014)
La pluie (2017)
Stromae
90%
Rêves bizarres (2018) Damso
86%
Evidemment (2022) Angèle
78%
Qui dit mieux (2018)
Peon (2022)
Vald
72%
Encore une fois (2025) Yamê
69%
Christophe (2017) GIMS
67%
Soleil levant (2025) SDM
63%
Oulalala (2025) FIFTY FIFTY
57%
Yoroï (2025) Thomas Bangalter
56%
Millions (2021) Ninho
52%
Notes pour trop tard (2017) Ibeyi
51%
Dernier verre (2021) The Neptunes
51%
Ma life (2019) Oxmo Puccino
49%
Go Go Gadget (2012) disiz
45%
Plus rien (2025) Lilas
39%
Toujours plus (2019) Lorenzo
38%
Potentiel (2018) Lefa
35%
Les ennuis (2015) Izïa
31%
Courage fuyons (2013) Médine
30%
OPTIMALE (2024) Gazo
28%
Ne regrette rien (2012) Benjamin Biolay
21%
Aucun quiz correspondant
Distribution des résultats
% des personnes avec chaque résultat
Percentile par nombre de réponses
Votre historique - résultats
Vous n’avez pas pris ce quiz